| 000 | 00000nam##2200000za#4500 |
| 001 | 9.605197 |
| 003 | CaOODSP |
| 005 | 20210624212008 |
| 007 | cr ||||||||||| |
| 008 | 150406|2009||||xxc|||||o f|0| 0 fre|d |
| 040 | |aCaOODSP|bfre |
| 043 | |an-cn--- |
| 086 | 1 |aTU3-5/09-23F-PDF |
| 110 | 2 |aBureau de la sécurité des transports du Canada. |
| 245 | 10|aRencontre de turbulence de sillage et impact contre le Relief du Piper PA-31-350 Chieftain C-GNAF exploité par Integra Ops Ltd. (s/n Canadian Air Charters) à Richmond (Colombie-Britannique), le 9 juillet 2009 |h[ressource électronique] |
| 260 | |aGatineau - Québec : |bBureau de la sécurité des transports du Canada |c[2009]. |
| 300 | |a29p.|bfigures, références |
| 490 | 1 |aRapport d'enquête aéronautique |vA09P0187 |
| 590 | |a13-06-Supp|b2013-03-19 |
| 775 | 08|tWake turbulence encounter - Collision with terrain, Integra Ops Ltd. (dba Canadian Air Charters) Piper PA-31-350 Chieftain, C-GNAF, Richmond, British Columbia, 09 July 2009 |w(CaOODSP)9.575748 |
| 830 | #0|aRapport d'enquête aéronautique ;|vA09P0187|w(CaOODSP)9.501229 |
| 856 | 40|ahttp://publications.gc.ca|qPDF|s3227 Ko|uhttps://publications.gc.ca/collections/collection_2013/bst-tsb/TU3-5-09-23-fra.pdf|yA09P0187 |